A market-oriented strategy for small and medium scale enterprises

Saved in:
Bibliographic Details
Main Author: Hallberg, Kristin
Format: Book
Language:Undetermined
Published: Washington, D. C. International Finance Corporation 2000
Subjects:
Tags: Add Tag
No Tags, Be the first to tag this record!
Institutions: Trung tâm Học liệu Trường Đại học Cần Thơ
LEADER 00558nam a2200181Ia 4500
001 CTU_62888
008 210402s9999 xx 000 0 und d
082 |a 338.7 
082 |b H174 
100 |a Hallberg, Kristin 
245 2 |a A market-oriented strategy for small and medium scale enterprises 
245 0 |c Kristin Hallberg 
260 |a Washington, D. C. 
260 |b International Finance Corporation 
260 |c 2000 
650 |a Business enterprises 
904 |i Minh (Nguyên sửa) 
980 |a Trung tâm Học liệu Trường Đại học Cần Thơ